000 00615nam a2200217 i 4500
001 bg
100 1 _aPACZYŃSKI, Piotr
245 1 0 _aMetrologia techniczna :
_bprzewodnik do wykładów, ćwiczeń i laboratoriów /
_cPiotr Paczyński.
260 _aPoznań :
_bWydaw. Politechniki Poznańskiej,
_c2003.
300 _a324 s. :
_bil. ;
_c30 cm.
504 _aBibliogr.
650 9 _aPomiary
655 _aPodręczniki akademickie
020 _a8371435320
040 _cBPK
041 0 _apol
080 _a531.7(075.8)
920 _a83-7143-532-0
942 _cKS
008 s pl f |000 0 pol
999 _c43067
_d43067
856 _uhttp://koha.tu.koszalin.pl/cgi-bin/koha/opac-detail.pl?biblionumber=43067
_yKatalog online BPK